00878cam a2200253 a 4500999001500000001000500015003000900020005001700029008004100046025002400087040002800111082002400139100002200163245007400185250002600259260004500285300002900330504005100359610003500410650002500445700002000470942001200490952012200502 c7676d76768788BD-DhUAP20210128111528.0210128s2000 pk bl 001 0 eng  aP-E-2006334369 ; 48 aBD-DhUAPcBD-DhUAPbEng 223a346.5491022 MAH aMahmood, Shaukat.14aThe Contract Act :bIX of 1872 /cShaukat Mahmood and Nadeem Shaukat. a5th rev. and enl. ed. aLahore :bLegal Research Centre,cc2000. axii, 916 pages ;c24 cm. aIncludes bibliographical references and index.10aPakistan.tContract Act, 1872. 0aContractszPakistan.1 aShaukat, Nadeem 2ddccBK 00102ddc4070aUAPCLbUAPCLcReserve Stacksd2021-01-28o346.5491022 MAHp3010008788r2021-01-28t1w2021-01-28yBK